000 00730nam a22002177a 4500
003 UA-OsUOA
001 130007
007 ta
008 20180402b un ||||| |||| 00| 0 ukr d
100 _aПопова Л.
090 _a81
_bП58
942 _cSA
040 _aUA-OsUOA
_bukr
_cUA-OsUOA
_dUA-OsUOA
245 _aПереказ як засіб формування мовленнєвої компетентності учнів
300 _aС.6-10
955 _a0
041 _aukr
080 _a81
773 0 _w130006
_tУкраїнська мова і література в школі
_dК.
_d2018
_g1
650 7 _a8 Мовознавство. Художня література. Літературознавство
_2UDC
999 _c417934
_d417934